Christian Witness Among Muslim (Record no. 19193)

MARC details
000 -LEADER
fixed length control field 00595nam a2200217 a 4500
020 ## - INTERNATIONAL STANDARD BOOK NUMBER
ISBN
082 00 - DEWEY DECIMAL CLASSIFICATION NUMBER
Classification number 269.2
Author Cutter AFR
245 ## - TITLE STATEMENT
Title Christian Witness Among Muslim
Sub title A Hand Book Written Especially for Christians of Africa
260 ## - PUBLICATION, DISTRIBUTION, ETC. (IMPRINT)
Place of publication Ghana
Name of publisher Africa Christian Press
Year of publication 1971
300 ## - PHYSICAL DESCRIPTION
Number of Pages 96p
500 ## - GENERAL NOTE
General note includes index and biblioraphy
650 ## - SUBJECT ADDED ENTRY--TOPICAL TERM
Topical Term Evangelistic Work
942 ## - ADDED ENTRY ELEMENTS (KOHA)
Koha item type Books
Holdings
Collection code Home library Current library Date acquired Cost, normal purchase price Full call number Accession Number Koha item type
  Henry Martyn Institute Library Henry Martyn Institute Library 08/08/2008 100.00 269.2 AFR 11001840 Books
                   Copyright © 2026 | Henry Martyn Institute | Hyderabad | TS-500052 | INDIA | Implemented by hmi.edu.in
Hit-Count:

Powered by Koha